Normes per a la sol·licitud d'ajudes en matèria d'intervenció en el patrimoni arquitectònic / Diputació de Barcelona. Servei del Patrimoni Arquitectònic
Descripción Física:
43 p. : il. ; 22 cm
MARC
| LEADER | 00000nam a2200000Ia 4500 | ||
|---|---|---|---|
| 001 | 7659 | ||
| 008 | 160829s1987 xx 000 0 cat d | ||
| 080 | |a FU-4-10 | ||
| 110 | |a Barcelona (Catalunya : Província). |b Servei de Patrimoni Arquitectònic |9 54081 | ||
| 245 | |a Normes per a la sol·licitud d'ajudes en matèria d'intervenció en el patrimoni arquitectònic / Diputació de Barcelona. Servei del Patrimoni Arquitectònic | ||
| 260 | |a Barcelona : |b [el Servei], |c 1987 | ||
| 300 | |a 43 p. : |b il. ; |c 22 cm | ||
| 650 | |a Monuments |x Conservació i restauració |x Barcelona (Província) |x Subvencions |9 39234 | ||
| 901 | |a Arxiu | ||
| 942 | |n 1 | ||
| 952 | |0 0 |1 0 |4 0 |6 FU410 |7 1 |9 48881 |a Arxiu |b Arxiu |d 2016-12-01 |l 0 |o FU-4-10 |p 7659 |r 2016-12-01 00:00:00 |w 2016-12-01 |y ARXIU | ||
| 999 | |c 52716 |d 52716 | ||